Les bars d'Angers - Statistiques

Statistiques générales
  • Ce quiz a été pris 140 fois
    127 depuis la dernière actualisation
  • Le résultat moyen est 12 sur 53
Statistiques - réponses
Réponse % Correct
Le James Joyce
79%
Le Delirium
70%
Le Joker's pub
63%
La Civette
59%
Le PMP
55%
L'Irlandais
55%
La Trinquette
51%
Le Maestro
49%
Tonton Foch
49%
Le Bar du centre
47%
Le Matt Murphy's
46%
Le Wallaby's
45%
L'Okapi
42%
Le Pub
41%
La Loge
36%
Le Punch
36%
Le Black Peat
32%
Le Zanzibar
28%
Le Falstaff
26%
Le Pas Sage
22%
Chez flo
21%
Le Punto
21%
Au fût et à mesure
18%
Le Gainzbar
17%
Le Ti'bar
17%
Le Garage
16%
L'entrepôt
16%
Le Snooker
14%
La Cour
13%
Le Welcome
13%
Le Théâtre
12%
Le Welsh
12%
La Grappe d'or
11%
Le Héron Carré
11%
Le Barock
9%
Buddy's
8%
Le Gatsby bar
8%
Le Velenjak
8%
La Descente de la Marine
7%
L'American Fury
7%
Le Kent
5%
Le Maréchal Pub
5%
Le Q de sac
5%
T'es Rock Coco
5%
La Cale
4%
Le Loft
4%
Le Comptoir
3%
Le Donald's Pub
3%
Le Bigwood's
1%
L'Ile de Gorée
1%
L'Alibi
0%
Le Casse Pion
0%
Le Saint-Julien
0%
Aucun quiz correspondant
Distribution des résultats
% des personnes avec chaque résultat
Percentile par nombre de réponses
Votre historique - résultats
Vous n’avez pas pris ce quiz depuis la dernière actualisation